000 00756nam a2200205 a 4500
001 000042180
005 20201002040005.0
008 131118s2013 pr 000 0 spa d
020 _a9789945581058
040 _aDO-SdBNP
_bspa
_cBNPHU
082 _axxx
_bV181p
100 1 _aValle Rivera, Lillian.
_969186
245 1 0 _aPuerto Rico Madreperla :
_b40 sonetos para contar una historia de amor /
_cLillian Valle Rivera.
246 1 0 _aPuerto Rico madreperla
_bcuarenta sonetos para contar una historia de amor
260 _aSan Juan, Puerto Rico :
_bIsla Negra,
_c2013.
300 _a131 p. ;
_c22 cm.
490 1 _aJosemilio González
500 _aIncluye datos biográficos de la autora en la solapa de la cubierta.
830 0 _aJosemilio González
_96541
999 _c41669
_d41669